Acteurs de Westerns - Statistiques

Statistiques générales
  • Ce quiz a été pris 113 fois
    81 depuis la dernière actualisation
  • Le résultat moyen est 31 sur 66
Statistiques - réponses
Par images Réponse % Correct
Clint Eastwood
98%
John Wayne
93%
Brad Pitt
90%
Leonardo Dicaprio
90%
Morgan Freeman
90%
Matt Damon
84%
Henry Fonda
83%
Kirk Douglas
83%
Marlon Brando
83%
Robert Redford
83%
Kevin Costner
81%
Steve Mcqueen
79%
Charles Bronson
78%
Robert Mitchum
76%
Terence Hill
76%
Bud Spencer
72%
Paul Newman
72%
Lee Van Cleef
71%
Gary Cooper
67%
James Stewart
66%
Burt Lancaster
64%
Christian Bale
64%
Gregory Peck
60%
Lee Marvin
59%
Dean Martin
57%
Kurt Russell
57%
Gene Hackman
55%
James Coburn
55%
Jamie Foxx
55%
Tommy Lee Jones
55%
Anthony Quinn
53%
Ronald Reagan
53%
Eli Wallach
50%
Klaus Kinski
47%
Ernest Borgnine
45%
Errol Flynn
43%
Richard Widmark
43%
Robert Duvall
43%
Glenn Ford
36%
William Holden
36%
Jeff Bridges
34%
Gian Maria Volonte
33%
Jason Robards
33%
Randolph Scott
28%
Jack Elam
26%
Woody Strode
26%
Franco Nero
24%
Karl Malden
24%
Michael Landon
22%
Ward Bond
22%
Robert Ryan
21%
Allan Ladd
19%
Bruce Dern
19%
James Garner
19%
Lee J Cobb
17%
Audie Murphy
16%
Joel McCrea
16%
Walter Brennan
16%
Sterling Hayden
14%
Tomas Milian
14%
Wes Studi
14%
Graham Greene
7%
Victor McLaglen
7%
Giuliano Gemma
5%
Frank Wolff
2%
Bruce Cabot
0%
Aucun quiz correspondant
Distribution des résultats
% des personnes avec chaque résultat
Percentile par nombre de réponses
Votre historique - résultats
Vous n’avez pas pris ce quiz depuis la dernière actualisation